LIBRARY & INFORMATION CENTRE, KCAET, TAVANUR

ONLINE PUBLIC ACCESS CATALOGUE (OPAC)

DEVELOPMENT OF RETRACTABLE ARM MOUNTED PESTICIDE APPLICATOR (Record no. 17711)

MARC details
000 -LEADER
fixed length control field 00435nam a22001457a 4500
003 - CONTROL NUMBER IDENTIFIER
control field OSt
082 ## - DEWEY DECIMAL CLASSIFICATION NUMBER
Classification number 631.37
Item number ABI
088 ## - REPORT NUMBER
Report number 573
100 ## - MAIN ENTRY--AUTHOR NAME
Personal name ABINA. M
-- NAVANEETH. K P
-- RENJITHA. N R
-- YADHU KRISHNAN. B
245 ## - TITLE STATEMENT
Title DEVELOPMENT OF RETRACTABLE ARM MOUNTED PESTICIDE APPLICATOR
260 ## - PUBLICATION, DISTRIBUTION, ETC. (IMPRINT)
Place of publication TAVANUR
Name of publisher DEPARTMENT OF FARM MACHINERY AND POWER ENGINEERING
Year of publication 2023
300 ## - PHYSICAL DESCRIPTION
Number of Pages 58
700 ## - ADDED ENTRY--PERSONAL NAME
Personal name DHALIN.D (Guide)
942 ## - ADDED ENTRY ELEMENTS (KOHA)
Koha item type Project Report
Holdings
Collection code Home library Current library Full call number Accession Number Koha item type
Reference KAUAET KAUAET 631.37 ABI P 573 Project Report
free website counter